| 000 | 00396nam a22001217a 4500 | ||
|---|---|---|---|
| 082 | _a345.4910696 | ||
| 100 | _aSheikh, Hafiza Anila Anjum | ||
| 245 |
_aThe Negotiable Instruments Act, 1881 (XXVI OF 1881) / _cHafiza Anila Anjum Sheikh |
||
| 260 |
_aLahore : _bIrfan Law Book House, _c2018. |
||
| 300 |
_a228 p. ; _c24cm. |
||
| 942 |
_2ddc _cBK |
||
| 999 |
_c540974 _d540974 |
||